| 000 | 00409nam a2200157Ia 4500 | ||
|---|---|---|---|
| 005 | 20250606025034.0 | ||
| 008 | 240331s9999 xx 000 0 und d | ||
| 020 | _a9789559662884 | ||
| 082 |
_bSUM _a305 |
||
| 100 | _aSumanasekara,M | ||
| 245 | 0 | _aDhanathmaka kanthawa isurumath | |
| 260 |
_aNugegoda _bDeepani Publishers _c2007 |
||
| 300 | _a130 p ., | ||
| 500 | _aA book about positive thinking | ||
| 942 | _cL | ||
| 999 |
_c5216 _d5216 |
||